000 00296nam a22001337a 4500
008 181221b xxu||||| |||| 00| 0 eng d
020 _a0683071513
041 _aeng
080 _a616.8
100 _a7
101 _aNEU
245 _aNeurosurgical Critical Care
_cWirth,F.P
942 _2udc
_cBK
999 _c53644
_d53644